[Event "FRA-ch U18 Girls"]
[Site "Nimes"]
[Date "2012.04.15"]
[Round "3"]
[White "Sadoune, Emilie"]
[Black "Ruhlmann, Helene"]
[Result "1/2-1/2"]
[WhiteElo "1515"]
[BlackElo "1736"]
[PlyCount "69"]
[EventDate "2012.04.14"]
[EventType "swiss"]
[EventRounds "9"]
[EventCountry "FRA"]
[SourceTitle "CBM 148 Extra"]
[Source "ChessBase"]
[SourceDate "2012.06.22"]
[SourceVersion "1"]
[SourceVersionDate "2012.06.22"]
[SourceQuality "1"]

1. e4 g6 2. d4 c6 3. Nc3 d5 4. Nf3 Bg4 5. h3 Bxf3 6. Qxf3 e6 7. e5 Bg7 8. Bd3 Ne7 9. Bg5 Nd7 10. 0-0-0 a6 11. h4 c5 12. h5 gxh5 13. Rxh5 cxd4 14. Ne2 Nxe5 15. Qh3 h6 16. Bxh6 Bxh6+ 17. Rxh6 Rxh6 18. Qxh6 Kd7 19. Nxd4 Nxd3+ 20. Rxd3 Qa5 21. Nb3 Qe1+ 22. Rd1 Qxf2 23. g4 Rc8 24. c3 Ng6 25. Nd2 Ke7 26. Rf1 Qh4 27. Qg7 Rf8 28. Qd4 Qg3 29. Qb4+ Qd6 30. Qxb7+ Ke8 31. Qc8+ Ke7 32. Qb7+ Ke8 33. Qc8+ Ke7 34. Qb7+ Ke8 35. Qc8+ 1/2-1/2